| 000 | 01023nam a22002537a 4500 | ||
|---|---|---|---|
| 001 | 3653 | ||
| 003 | FISKH | ||
| 005 | 20240402150919.0 | ||
| 008 | 240402b cb ||||| |||| 00| 0 eng d | ||
| 020 | _a12345878 | ||
| 040 |
_aFISKH _bkhr _cFISKH _dFISKH |
||
| 050 | _aPZ7 | ||
| 082 | _a512.74 | ||
| 100 | _aPhalkun, Lim | ||
| 245 |
_aគណិតវិទ្យាសម្រាប់សិស្សពូកែថ្នាក់ទី ៩ / _cនិពន្ធដោយ : សាស្រ្តាចារ្យ លឹម ផល្គុន |
||
| 260 |
_aPhnom Penh : _bBak Touk 2, _c2016. |
||
| 300 |
_a176 pages : _c21 cm |
||
| 520 | _aជាសៀវភៅសម្រាប់ត្រៀមប្រលងសិស្សពូកែ និងសិស្សថ្នាក់ទី ៩។ | ||
| 520 | _aA book for exam preparation for outstanding students and 9th grade students. | ||
| 650 | _aគណិតវិទ្យា | ||
| 650 | _aMathematic | ||
| 942 |
_2ddc _cKHB _n0 |
||
| 999 |
_c3653 _d3653 |
||